| Tag |
First Indicator |
Second Indicator |
Subfields |
| LEADER |
00000pam a2200000 i 4500 |
| 001 |
in00000366754 |
| 005 |
20151011074610.0 |
| 008 |
760916s1977 mau b 00110 eng |
| 010 |
|
|
|a 76044005
|
| 020 |
|
|
|a 0816178348
|
| 035 |
|
|
|a (OCoLC)02493368
|
| 035 |
|
|
|9 ABP5219AM
|
| 040 |
|
|
|a DLC
|c DLC
|d TXA
|d UtOrBLW
|
| 049 |
|
|
|a TXAM
|c [1536378]
|
| 050 |
0 |
0 |
|a Z8308.5
|b .T82
|a PR2526
|
| 082 |
0 |
|
|a 016.822/3
|
| 100 |
1 |
|
|a Tucker, Kenneth.
|
| 245 |
1 |
2 |
|a A bibliography of writings by and about John Ford and Cyril Tourneur /
|c Kenneth Tucker.
|
| 264 |
|
1 |
|a Boston :
|b G. K. Hall,
|c [1977]
|
| 264 |
|
4 |
|c ©1977
|
| 300 |
|
|
|a xix, 134 pages ;
|c 24 cm.
|
| 336 |
|
|
|a text
|b txt
|2 rdacontent
|
| 337 |
|
|
|a unmediated
|b n
|2 rdamedia
|
| 338 |
|
|
|a volume
|b nc
|2 rdacarrier
|
| 500 |
|
|
|a Includes indexes.
|
| 600 |
1 |
0 |
|a Ford, John,
|d 1586-approximately 1640
|v Bibliography.
|
| 600 |
1 |
0 |
|a Tourneur, Cyril,
|d 1575?-1626
|x Bibliography.
|
| 999 |
|
|
|a MARS
|
| 999 |
f |
f |
|s 10c46e70-918d-3072-af41-1739f4a66d2e
|i b7e1e382-47c8-317c-9c70-58422190b5d3
|t 0
|
| 952 |
f |
f |
|p ric
|a Texas A&M University
|b Rellis Campus
|c Joint Library Facility
|d Remote Storage
|t 0
|e Z8308.5 .T82
|h Library of Congress classification
|i unmediated -- volume
|m A14805821416
|
| 998 |
f |
f |
|a Z8308.5 .T82
|t 0
|l Remote Storage
|